000 00448nam a2200157 i 4500
001 67820
003 ES-MaACL
005 20230906170143.0
007 t|
008 040206s1954 sp ||||1| spa d
100 1 _aGallardo y Gómez, Manuela.
_953502
245 1 0 _a¿Por qué somos pobres? /
_cManuela Gallardo y Gómez.
260 _aPamplona :
_bGómez,
_c[1954]
300 _a157 p., 12 lám. ;
_c21 cm.
852 _aES-MaACL
_jC-12042
_bR.40105
999 _c67820
_d67820